| 000 | 00500nam a22001697a 4500 | ||
|---|---|---|---|
| 005 | 20240606140532.0 | ||
| 008 | 240606b |||||||| |||| 00| 0 eng d | ||
| 020 | _a9780071604109 | ||
| 082 |
_a006.788 _bKAN-A |
||
| 100 | _aKanjilal, Joydip | ||
| 245 |
_aASP.NET 4.0 Programming / _cJoydip Kanjilal |
||
| 260 |
_aIndia: _bMcGraw-Hill; _c2010. |
||
| 300 |
_axii, 382 P. : _bill; _c24 cm. |
||
| 500 | _ainclude index. | ||
| 650 | _acomputer science/ web operating system | ||
| 999 |
_c35858 _d35858 |
||